[Event "M.Chigorin Memorial 2014"]
[Site "St. Petersburg"]
[Date "2014.10.21"]
[Round "4.161"]
[White "Terentev, Mikhail"]
[Black "Bodnaruk, Svyatoslav"]
[Result "1-0"]
[WhiteElo "1981"]
[BlackElo "1633"]
[PlyCount "75"]
[EventDate "2014.10.18"]

1. e4 e5 2. Nf3 Nc6 3. Bb5 Nf6 4. d3 d6 5. c3 a6 6. Ba4 b5 7. Bc2 Bg4 8. h3 Bh5
9. g4 Bg6 10. Nh4 Be7 11. Nf5 Bxf5 12. gxf5 Nd7 13. Rg1 Bf6 14. Be3 h6 15. Qh5
Qe7 16. a4 b4 17. a5 Rb8 18. Ba4 Nd8 19. Nd2 Nb7 20. d4 c5 21. d5 Qd8 22. Nc4
Ke7 23. Bc6 Qc7 24. Qe2 Nd8 25. Bxd7 Qxd7 26. Nb6 Qb7 27. cxb4 cxb4 28. Rc1 Re8
29. Qc4 Kf8 30. Qxb4 Be7 31. f6 Bxf6 32. Qxd6+ Be7 33. Qxb8 Bb4+ 34. Ke2 Qe7
35. Qc7 Qh4 36. Bc5+ Kg8 37. Rg4 Qxh3 38. Qd7 1-0

[Event "M.Chigorin Memorial 2014"]
[Site "St. Petersburg"]
[Date "2014.10.21"]
[Round "4.163"]
[White "Orel, Daniil"]
[Black "Akopian, Agasi"]
[Result "1-0"]
[WhiteElo "1841"]
[BlackElo "1543"]
[PlyCount "62"]
[EventDate "2014.10.18"]

1. e4 c5 2. Nf3 Nc6 3. c3 d5 4. exd5 Qxd5 5. d4 cxd4 6. cxd4 e6 7. Nc3 Bb4 8.
Be2 Nf6 9. O-O Bxc3 10. bxc3 O-O 11. Be3 Qa5 12. Qb3 Qc7 13. c4 Rd8 14. Rfd1 b6
15. Rac1 Qe7 16. c5 bxc5 17. Rxc5 Bb7 18. Rdc1 Rac8 19. Bb5 Qd6 20. Qa4 Ne7 21.
Qxa7 Bxf3 22. gxf3 Ra8 23. Qc7 Qxc7 24. Rxc7 Ned5 25. R7c2 Nb4 26. Rb2 Nxa2 27.
Rcc2 Rab8 28. Rb3 Ra8 29. Bc6 Ra6 30. Rbb2 Rc8 31. Rxa2 Rcxc6 1-0

[Event "M.Chigorin Memorial 2014"]
[Site "St. Petersburg"]
[Date "2014.10.21"]
[Round "4.164"]
[White "Zakharov, Yuri"]
[Black "Sindarov, Islombek"]
[Result "1-0"]
[WhiteElo "1830"]
[BlackElo "1527"]
[PlyCount "71"]
[EventDate "2014.10.18"]

1. Nf3 d5 2. g3 c5 3. Bg2 Nc6 4. d3 g6 5. Nbd2 Bg7 6. O-O e6 7. e4 Nge7 8. Re1
O-O 9. c3 Re8 10. Qc2 Bd7 11. Nf1 Qc7 12. Bg5 h6 13. Bd2 Rad8 14. Rab1 Bc8 15.
b4 b6 16. b5 Nb8 17. e5 Nd7 18. Qb2 Kh7 19. d4 Bb7 20. a4 Rc8 21. Rbc1 Nf5 22.
g4 Ne7 23. h4 cxd4 24. cxd4 Qd8 25. Ne3 Rxc1 26. Rxc1 Qb8 27. Bb4 Ng8 28. Bd6
Qa8 29. Rc7 Rd8 30. Qb1 Kh8 31. Bf1 Bc8 32. Qd3 Bb7 33. Be2 Nf8 34. Rxf7 Rc8
35. Bd1 Rc1 36. Bxf8 1-0

[Event "M.Chigorin Memorial 2014"]
[Site "St. Petersburg"]
[Date "2014.10.21"]
[Round "4.166"]
[White "Panov, Konstantin"]
[Black "Sorokopudov, Vladimir M"]
[Result "0-1"]
[WhiteElo "1588"]
[BlackElo "2091"]
[PlyCount "88"]
[EventDate "2014.10.18"]

1. g3 d5 2. Bg2 Nf6 3. d4 Bf5 4. c4 e6 5. Nc3 c6 6. c5 Nbd7 7. f4 b6 8. b4 a5
9. bxa5 bxc5 10. dxc5 Qxa5 11. Bd2 Qxc5 12. Nf3 Ng4 13. Rf1 Ne3 14. Bxe3 Qxe3
15. Qd2 Bc5 16. Nh4 Qxd2+ 17. Kxd2 d4 18. Ne4 Bb4+ 19. Kd1 Bxe4 20. Bxe4 Ra6
21. Nf3 c5 22. a4 Bc3 23. Ra2 Ke7 24. Kc2 c4 25. Rd1 Nc5 26. Bc6 Rxc6 27. Nxd4
Bxd4 28. Rxd4 Nd7 29. Kc3 Nb6 30. e4 Rd8 31. Rxd8 Kxd8 32. a5 Nc8 33. Rd2+ Kc7
34. e5 Ne7 35. Rc2 Nd5+ 36. Kd4 c3 37. f5 Kb7 38. fxe6 fxe6 39. g4 Ka6 40. Ke4
Kxa5 41. g5 Kb5 42. h4 Rc4+ 43. Kf3 Nb4 44. Rc1 c2 0-1

[Event "M.Chigorin Memorial 2014"]
[Site "St. Petersburg"]
[Date "2014.10.21"]
[Round "4.167"]
[White "Koshil, Tikhon"]
[Black "Khatenever, Feliks"]
[Result "1-0"]
[WhiteElo "1975"]
[BlackElo "1795"]
[PlyCount "80"]
[EventDate "2014.10.18"]

1. d4 Nf6 2. c4 g6 3. Nc3 d5 4. Nf3 Bg7 5. Qb3 c6 6. g3 O-O 7. Bg2 dxc4 8. Qxc4
Be6 9. Qd3 Na6 10. O-O Nb4 11. Qd2 Nbd5 12. Ng5 Bd7 13. Nxd5 cxd5 14. Qb4 h6
15. Nf3 Bc6 16. Ne5 Nd7 17. Nxc6 bxc6 18. Bf4 g5 19. Be3 Rb8 20. Qa3 Nb6 21. b3
Qd7 22. Rac1 Rfc8 23. Rc2 e6 24. Qc1 Rc7 25. h4 f6 26. hxg5 hxg5 27. Bh3 Qe8
28. Qd2 Nd7 29. f4 g4 30. Bxg4 f5 31. Bf3 Nf6 32. Rfc1 Rbc8 33. Kg2 Ne4 34. Qe1
Qg6 35. Bxe4 fxe4 36. Qh1 Kf7 37. Kf2 Rh8 38. Qg2 Rhc8 39. Rh1 c5 40. Rhc1 c4
1-0

[Event "M.Chigorin Memorial 2014"]
[Site "St. Petersburg"]
[Date "2014.10.21"]
[Round "4.168"]
[White "Stroganov, Anatoly"]
[Black "Ladzin, Ivan"]
[Result "1-0"]
[WhiteElo "1789"]
[BlackElo "1961"]
[PlyCount "143"]
[EventDate "2014.10.18"]

1. d4 d5 2. Nf3 Nf6 3. e3 e6 4. Bd3 c5 5. b3 Nc6 6. O-O Bd6 7. Bb2 O-O 8. a3 a6
9. Ne5 Qc7 10. f4 Ne4 11. Nd2 Nxd2 12. Qxd2 cxd4 13. exd4 f6 14. Nxc6 bxc6 15.
b4 Bd7 16. c4 dxc4 17. Bxc4 Kh8 18. Rac1 Qb6 19. Kh1 Rfe8 20. Bc3 Rab8 21. Ba2
Qb5 22. Bb1 Qd5 23. Rf3 Rf8 24. Rh3 f5 25. Qf2 Be7 26. Re1 Bf6 27. Ba2 Qd6 28.
Qd2 Rbd8 29. Rd1 Be8 30. Rd3 Bf7 31. g3 Rd7 32. h3 Kg8 33. Re1 Rfd8 34. Kh2 Qe7
35. Qe3 Rd6 36. Bc4 Qd7 37. Red1 Qa7 38. R1d2 R8d7 39. Bb3 Rd8 40. Bd1 Qd7 41.
Bf3 Qe8 42. Bb2 R8d7 43. Rd1 Qd8 44. R3d2 Qb6 45. Bc3 Qd8 46. Be2 Qb6 47. Kg2
h6 48. Kf1 Qb7 49. Bf3 Qb6 50. Ke1 e5 51. fxe5 Bg5 52. Qd3 Bxd2+ 53. Rxd2 Re6
54. Qxf5 Ree7 55. Be4 Be6 56. Qh7+ Kf8 57. Qh8+ Bg8 58. Bh7 Re8 59. Qxg8+ Ke7
60. Qxg7+ Kd8 61. Qf6+ Kc7 62. Bf5 Rdd8 63. Qf7+ Kb8 64. Qc4 Rf8 65. Be4 Rc8
66. Rf2 Rfe8 67. e6 Qc7 68. Rf7 Qb6 69. Bf5 Rc7 70. Kd1 Rce7 71. Qc5 Qc7 72.
Qe5 1-0

[Event "M.Chigorin Memorial 2014"]
[Site "St. Petersburg"]
[Date "2014.10.21"]
[Round "4.169"]
[White "Bajaramov, Elvin"]
[Black "Beltyukov, Denis"]
[Result "0-1"]
[WhiteElo "1950"]
[BlackElo "1781"]
[PlyCount "132"]
[EventDate "2014.10.18"]

1. e4 e6 2. d4 d5 3. Nc3 Bb4 4. e5 Ne7 5. Nf3 c5 6. a3 Bxc3+ 7. bxc3 Qc7 8. Bd3
Nbc6 9. O-O Bd7 10. Rb1 c4 11. Be2 O-O-O 12. a4 h5 13. Ng5 Rdf8 14. Ba3 f6 15.
Bd6 Qa5 16. Nf3 Rf7 17. Rb5 Qa6 18. Qb1 Nf5 19. Nd2 Nxd6 20. exd6 b6 21. Rb2
Na5 22. Nb3 Nb7 23. Qa1 Nxd6 24. a5 b5 25. Nc5 Qc6 26. a6 Ne4 27. Nxe4 dxe4 28.
Rfb1 Qd5 29. Qa5 Rh6 30. Rb4 Qd6 31. Bxc4 bxc4 32. Rb8+ Qxb8 33. Rxb8+ Kxb8 34.
Qb4+ Kc7 35. Qb7+ Kd6 36. Qxa7 e5 37. Qb8+ Ke6 38. d5+ Kxd5 39. Qb7+ Kd6 40. a7
Rh8 41. Qb8+ Rxb8 42. axb8=Q+ Ke6 43. Qb4 Kd5 44. Qb7+ Kc5 45. Qb4+ Kd5 46.
Qb7+ Kc5 47. Qxe4 Bc6 48. Qg6 Ra7 49. h4 Ra3 50. Qxg7 Rxc3 51. Qxf6 Ba4 52.
Qxe5+ Kb4 53. Qd6+ Kb5 54. Qd7+ Kb4 55. Qe7+ Kb5 56. Qe8+ Kb4 57. Qxh5 Bxc2 58.
Qe5 Bd3 59. h5 Kb3 60. Qb5+ Kc2 61. f4 Rb3 62. Qa4 Kb2 63. Kf2 c3 64. Qd4 Bh7
65. g4 Kb1 66. Qg7 Bd3 0-1

[Event "M.Chigorin Memorial 2014"]
[Site "St. Petersburg"]
[Date "2014.10.21"]
[Round "4.170"]
[White "Aksenova, Maria"]
[Black "Evsyukov, Aleksey"]
[Result "0-1"]
[WhiteElo "1777"]
[BlackElo "1908"]
[PlyCount "94"]
[EventDate "2014.10.18"]

1. d4 d5 2. Nf3 Nf6 3. c4 c6 4. Nc3 g6 5. e3 Bg7 6. cxd5 cxd5 7. Bd3 Nc6 8. a3
O-O 9. O-O Bg4 10. h3 Bxf3 11. Qxf3 e6 12. Rd1 a6 13. Bd2 b5 14. Na2 e5 15.
dxe5 Nxe5 16. Qe2 Nxd3 17. Qxd3 Qb6 18. Nb4 Rfd8 19. Bc3 Qe6 20. Rac1 Rac8 21.
Bxf6 Bxf6 22. Rxc8 Rxc8 23. Nxd5 Bxb2 24. Qb3 Be5 25. a4 bxa4 26. Qxa4 Kg7 27.
f4 Bf6 28. g4 h6 29. Qa3 Rc2 30. Qd3 Qc6 31. Rd2 Rxd2 32. Qxd2 Qd6 33. e4 Qc5+
34. Kg2 Qd4 35. Qc2 a5 36. Kf3 a4 37. Qc6 Qd3+ 38. Kg2 Qxe4+ 39. Kf1 Qd3+ 40.
Kg2 Qe4+ 41. Kf1 Qd4 42. Nxf6 Qxf6 43. Qxa4 Qc3 44. Qe4 Qxh3+ 45. Kf2 Qxg4 46.
Qe5+ Kh7 47. Qc7 Qf5 0-1

[Event "M.Chigorin Memorial 2014"]
[Site "St. Petersburg"]
[Date "2014.10.21"]
[Round "4.171"]
[White "Nuritdinov, Nizomiddin"]
[Black "Mihailov, Dimitri"]
[Result "1-0"]
[WhiteElo "1898"]
[BlackElo "1765"]
[PlyCount "67"]
[EventDate "2014.10.18"]

1. d4 Nf6 2. Nf3 b5 3. Bg5 e6 4. Nbd2 Be7 5. e3 a6 6. c4 b4 7. Bd3 h6 8. Bh4
Bb7 9. O-O c5 10. Bxf6 gxf6 11. dxc5 Rg8 12. Ne4 Qc7 13. Bc2 f5 14. Nd6+ Bxd6
15. cxd6 Qxc4 16. g3 h5 17. Bd3 Qg4 18. Rc1 Kd8 19. Be2 Qh3 20. Qd4 Bc6 21.
Qf6+ Kc8 22. Rc4 Rg4 23. Rfc1 Kb7 24. Bf1 Rxc4 25. Rxc4 Qxf1+ 26. Kxf1 Bb5 27.
b3 Nc6 28. Kg2 Bxc4 29. bxc4 a5 30. Nd4 Rc8 31. Qxf7 Nb8 32. Nxe6 Kb6 33. Nd4
Rxc4 34. Qxc4 1-0

[Event "M.Chigorin Memorial 2014"]
[Site "St. Petersburg"]
[Date "2014.10.21"]
[Round "4.172"]
[White "Pitkanen, Juhani"]
[Black "Sakorenko, Adriana"]
[Result "0-1"]
[WhiteElo "1736"]
[BlackElo "1893"]
[PlyCount "114"]
[EventDate "2014.10.18"]

1. d4 Nf6 2. c4 e6 3. Nc3 Bb4 4. Nf3 b6 5. g3 Bb7 6. Bg2 c5 7. O-O cxd4 8. Nxd4
Bxg2 9. Kxg2 O-O 10. Qb3 Be7 11. Rd1 Qc8 12. Kg1 Nc6 13. Nxc6 Qxc6 14. Qb5 Rfc8
15. b3 d5 16. Qxc6 Rxc6 17. Rd3 dxc4 18. bxc4 Rxc4 19. Bb2 Rac8 20. Nb5 Rc2 21.
Ba3 Bxa3 22. Rxa3 Rxe2 23. Rxa7 Rd2 24. Ra4 g6 25. Nd4 Nd5 26. Nf3 Rb2 27. a3
Rcc2 28. Rf1 Ra2 29. Ra7 Rc7 30. Ra6 Rc3 31. Ra8+ Kg7 32. Nd4 Rcxa3 33. Rxa3
Rxa3 34. Rb1 Ra4 35. Nc2 Rc4 36. Rb2 Rc8 37. Nd4 Kf6 38. f4 Rc4 39. Nc2 Ke7 40.
Kf2 Kd6 41. Ke2 Kc6 42. Kd3 b5 43. Nd4+ Kd6 44. Rxb5 Rc3+ 45. Kd2 Ra3 46. Nc2
Rf3 47. Rb7 Rf2+ 48. Kc1 Rxh2 49. Rxf7 Rh3 50. Nd4 Rxg3 51. Rxh7 Nxf4 52. Rf7
g5 53. Rf6 Ke5 54. Rxf4 gxf4 55. Ne2 Rg8 56. Nxf4 Kxf4 57. Kd2 e5 0-1

[Event "M.Chigorin Memorial 2014"]
[Site "St. Petersburg"]
[Date "2014.10.21"]
[Round "4.173"]
[White "Kiselev, Viktor"]
[Black "Tonkoshkur, Daniil"]
[Result "0-1"]
[WhiteElo "1876"]
[BlackElo "1721"]
[PlyCount "128"]
[EventDate "2014.10.18"]

1. e4 c5 2. Nf3 Nc6 3. Bc4 e6 4. Nc3 a6 5. a4 d6 6. Ne2 Nf6 7. Ng3 d5 8. exd5
exd5 9. Be2 d4 10. d3 Bd6 11. Ne4 Nxe4 12. dxe4 O-O 13. O-O Re8 14. Bd3 Bg4 15.
h3 Bh5 16. Re1 Qc7 17. g4 Bg6 18. Nh4 Ne5 19. Bf1 Rad8 20. f4 Nc6 21. Qf3 h6
22. Bd2 Bh7 23. Ng2 Rd7 24. b3 Nd8 25. Bc4 Qb8 26. Re2 Ne6 27. Rae1 Rc8 28. e5
d3 29. Bxe6 fxe6 30. cxd3 Bf8 31. f5 exf5 32. gxf5 Rcd8 33. Nf4 c4 34. bxc4
Bxf5 35. Nd5 Rf7 36. Qe3 Be6 37. Nf4 Qc8 38. Nxe6 Qxe6 39. Qg3 Bc5+ 40. Kh1
Rdf8 41. Be3 Rf3 42. Qg2 Rxh3+ 43. Kg1 Rff3 44. Bxc5 Rhg3 45. d4 Rxg2+ 46. Rxg2
Qxc4 47. e6 Qc3 48. Ree2 Qc1+ 49. Kh2 Qf4+ 50. Kh1 Rh3+ 51. Kg1 Qh4 52. Rh2
Qg3+ 53. Rhg2 Qh4 54. Rh2 Rxh2 55. Rxh2 Qe1+ 56. Kg2 Qxe6 57. a5 Qa2+ 58. Kg3
Qxa5 59. Rf2 b6 60. Rf8+ Kh7 61. Kf4 bxc5 62. d5 Qe1 63. Rf5 c4 64. d6 Qe6 0-1

[Event "M.Chigorin Memorial 2014"]
[Site "St. Petersburg"]
[Date "2014.10.21"]
[Round "4.174"]
[White "Gantsevich, Dmitry"]
[Black "Hyoetylae, Tapio"]
[Result "0-1"]
[WhiteElo "1698"]
[BlackElo "1840"]
[PlyCount "124"]
[EventDate "2014.10.18"]

1. e4 g6 2. d4 Bg7 3. Nc3 a6 4. f4 d5 5. e5 h5 6. Nf3 Bg4 7. h3 Bxf3 8. Qxf3 e6
9. Bd3 h4 10. Be3 Ne7 11. O-O Nf5 12. Bf2 Bf8 13. Ne2 Nd7 14. c4 dxc4 15. Bxc4
c6 16. Rfd1 Nb6 17. Bb3 Bh6 18. Rac1 Ne7 19. Bxh4 Qd7 20. Bf2 g5 21. fxg5 Bxg5
22. Be3 Bxe3+ 23. Qxe3 O-O-O 24. Nf4 Nf5 25. Qf2 Kb8 26. a4 Rdg8 27. a5 Nc8 28.
Bc2 Nfe7 29. Be4 Na7 30. Rc3 Nb5 31. Rf3 Rg7 32. Ne2 Nd5 33. Bxd5 exd5 34. Rg3
Rgh7 35. Rf1 Qd8 36. b4 Qe7 37. Qe1 Ka7 38. Qd2 Rh4 39. Rf4 R4h7 40. Rf1 Nc7
41. Nf4 Qh4 42. Qe3 Qe7 43. Qc3 Nb5 44. Qd2 Qh4 45. Rg4 Qe7 46. Nd3 Rh4 47.
Rxh4 Rxh4 48. Nf4 Qg5 49. Qf2 Nc3 50. Kh2 Ne4 51. Qe3 Qe7 52. g3 Rh7 53. Nd3
Rg7 54. g4 Rh7 55. Kg2 Qh4 56. Nc5 Ng5 57. Rh1 Rh8 58. Qg3 Qh7 59. h4 Ne4 60.
Qd3 Rg8 61. Kf3 Rxg4 62. Rf1 Rg3+ 0-1

[Event "M.Chigorin Memorial 2014"]
[Site "St. Petersburg"]
[Date "2014.10.21"]
[Round "4.175"]
[White "Kokhnover, Ilya"]
[Black "Shadunts, Kirill"]
[Result "1-0"]
[WhiteElo "1840"]
[BlackElo "1696"]
[PlyCount "73"]
[EventDate "2014.10.18"]

1. e4 e6 2. d4 d5 3. Nc3 Bb4 4. Nge2 dxe4 5. a3 Be7 6. Nxe4 Nf6 7. N2g3 Nbd7 8.
Bf4 Nxe4 9. Nxe4 Nf6 10. Bd3 O-O 11. Nxf6+ Bxf6 12. c3 Re8 13. O-O Bd7 14. Be4
c6 15. Re1 Qc8 16. Re3 g6 17. Bc2 Rd8 18. Be5 Bxe5 19. dxe5 Be8 20. Qg4 Qc7 21.
Qg5 Qd7 22. Rd3 Qc7 23. Rf3 Rd5 24. Re1 Rad8 25. Qf6 h5 26. g4 hxg4 27. Rf4 Rc8
28. Bxg6 fxg6 29. Qxe6+ Kg7 30. Qf6+ Kg8 31. Qf8+ Kh7 32. Rxg4 g5 33. Re3 Rd1+
34. Kg2 Bh5 35. Qf5+ Bg6 36. Rh3+ Kg8 37. Qxg6+ 1-0

[Event "M.Chigorin Memorial 2014"]
[Site "St. Petersburg"]
[Date "2014.10.21"]
[Round "4.176"]
[White "Shapar, Tatiana"]
[Black "Goryachev, Maksim"]
[Result "1-0"]
[WhiteElo "1836"]
[BlackElo "1693"]
[PlyCount "99"]
[EventDate "2014.10.18"]

1. e4 c5 2. Nf3 Nc6 3. c3 d5 4. exd5 Qxd5 5. d4 Bg4 6. Be2 Nf6 7. c4 Qd8 8. d5
Bxf3 9. Bxf3 Nd4 10. O-O Qb6 11. Nc3 O-O-O 12. Be3 e5 13. a4 Qb4 14. Be2 a6 15.
a5 Qxb2 16. Bxd4 cxd4 17. Na4 Qb4 18. Nb6+ Kb8 19. Qd3 Bc5 20. Rfb1 Qc3 21. Na4
Qxd3 22. Bxd3 Ba7 23. c5 Kc7 24. Nb6 e4 25. Bc4 Rhe8 26. Rd1 d3 27. f3 e3 28.
Rxd3 Re5 29. Re1 e2 30. Kf2 Rde8 31. Rd2 Nd7 32. d6+ Kc6 33. Bd5+ Rxd5 34. Nxd5
Bxc5+ 35. Kg3 Bxd6+ 36. Kf2 Bc5+ 37. Kg3 Bd6+ 38. Kf2 Bc5+ 39. Kg3 Bd6+ 40. f4
g5 41. Kf2 gxf4 42. Rexe2 Rxe2+ 43. Kxe2 f3+ 44. Kxf3 Ne5+ 45. Ke4 Kc5 46. Rc2+
Kb5 47. Rb2+ Kc5 48. Ne3 Kc6 49. Rb6+ Kc7 50. Nd5+ 1-0

[Event "M.Chigorin Memorial 2014"]
[Site "St. Petersburg"]
[Date "2014.10.21"]
[Round "4.177"]
[White "Sapegin, Yaroslav"]
[Black "Levin, Evgeny"]
[Result "1/2-1/2"]
[WhiteElo "1587"]
[BlackElo "1835"]
[PlyCount "120"]
[EventDate "2014.10.18"]

1. d4 Nf6 2. Bg5 Ne4 3. Bh4 d5 4. e3 c6 5. Nd2 Nxd2 6. Qxd2 Qb6 7. c3 Bf5 8.
Be2 Nd7 9. f4 Nf6 10. Bxf6 exf6 11. Nf3 Bd6 12. Nh4 Bd7 13. O-O f5 14. Bd3 g6
15. Nf3 f6 16. Rab1 O-O 17. Qf2 Qd8 18. Nh4 Qe7 19. Qg3 Qg7 20. c4 Rfe8 21. c5
Bc7 22. Rf3 Kf7 23. Qe1 Re7 24. b4 a6 25. Qd2 Rg8 26. a4 Ree8 27. b5 axb5 28.
axb5 Ra8 29. Rff1 Rgb8 30. b6 Bd8 31. Ra1 Rxa1 32. Rxa1 Be7 33. Ra7 Qg8 34. Qa2
Kg7 35. Ba6 Bc8 36. Bd3 Be6 37. Nf3 Qe8 38. Kf2 Bf8 39. Ba6 Bc8 40. Bd3 Be6 41.
Ne1 Kh8 42. Nc2 Bd7 43. Nb4 Qe6 44. Ra8 Re8 45. Nc2 Rxa8 46. Qxa8 Bc8 47. Ba6
Qd7 48. Bd3 Kg7 49. Na1 Be7 50. Nb3 h6 51. Na5 Bf8 52. Ba6 Bxc5 53. dxc5 d4 54.
Nxb7 dxe3+ 55. Kxe3 Qe6+ 56. Kd2 Qa2+ 57. Ke3 Qa3+ 58. Kf2 Qa2+ 59. Kg3 Qa3+
60. Kf2 Qa2+ 1/2-1/2

[Event "M.Chigorin Memorial 2014"]
[Site "St. Petersburg"]
[Date "2014.10.21"]
[Round "4.178"]
[White "Bezulenko, Evgeny"]
[Black "Zvereva, Svetlana"]
[Result "1-0"]
[WhiteElo "1827"]
[BlackElo "1657"]
[PlyCount "95"]
[EventDate "2014.10.18"]

1. g3 e5 2. Bg2 d5 3. d3 Nf6 4. Nf3 Nc6 5. O-O Be7 6. Nbd2 O-O 7. c3 h6 8. Qc2
Rb8 9. e4 Be6 10. Re1 dxe4 11. dxe4 Qc8 12. Nf1 Bd6 13. Ne3 Ne7 14. c4 c6 15.
c5 Bc7 16. Nc4 Bxc4 17. Qxc4 b6 18. b3 Ng6 19. Ba3 b5 20. Qc2 Qe6 21. Bb2 Rfd8
22. Red1 Rd7 23. Rxd7 Nxd7 24. b4 Nf6 25. Bc3 Qc4 26. Nd2 Qe6 27. a4 a6 28.
axb5 axb5 29. Nf1 Qc8 30. Ne3 Ne8 31. Bf3 Qe6 32. Bg4 Qe7 33. Ra6 Qf6 34. Bd7
Ne7 35. Nd5 Nxd5 36. exd5 Qf3 37. Bxc6 Qg4 38. Ra7 e4 39. Bxe8 Rxe8 40. Rxc7
Qf3 41. Bd4 Qd3 42. Qxd3 exd3 43. Bc3 Re2 44. d6 Rc2 45. d7 Rxc3 46. d8=Q+ Kh7
47. Qd4 Rc1+ 48. Kg2 1-0

[Event "M.Chigorin Memorial 2014"]
[Site "St. Petersburg"]
[Date "2014.10.21"]
[Round "4.179"]
[White "Zilbershtein, Victor"]
[Black "Akhmetshin, Aydar"]
[Result "1-0"]
[WhiteElo "1818"]
[BlackElo "1609"]
[PlyCount "71"]
[EventDate "2014.10.18"]

1. d4 Nf6 2. Nf3 c5 3. d5 g6 4. c4 b5 5. cxb5 a6 6. b6 d6 7. Qb3 Bb7 8. e4 Nbd7
9. Nc3 Bg7 10. Bd3 Nxb6 11. O-O Qc7 12. Nd2 O-O 13. a4 Rab8 14. Qa2 Rfe8 15. a5
Nbd7 16. Nc4 Kh8 17. h3 Ba8 18. Na4 Rbd8 19. Nab6 Bb7 20. Bd2 e6 21. Bg5 Rb8
22. dxe6 Rxe6 23. f3 d5 24. exd5 Nxd5 25. Bd2 N7xb6 26. axb6 Nxb6 27. Nxb6 Qxb6
28. Bc4 Rd6 29. Bf4 Rbd8 30. Bxd6 Rxd6 31. Rad1 Bd4+ 32. Kh1 f5 33. b3 g5 34.
Qe2 Rg6 35. Qe8+ Rg8 36. Qxg8# 1-0

[Event "M.Chigorin Memorial 2014"]
[Site "St. Petersburg"]
[Date "2014.10.21"]
[Round "4.180"]
[White "Gogin, Artem"]
[Black "Bodnaruk, Kseniya"]
[Result "1-0"]
[WhiteElo "1815"]
[BlackElo "1558"]
[PlyCount "119"]
[EventDate "2014.10.18"]

1. d4 d5 2. Bg5 f6 3. Bf4 Nc6 4. e3 a6 5. Nf3 Bg4 6. c4 e6 7. Nc3 Bb4 8. a3
Bxc3+ 9. bxc3 Nge7 10. h3 Bh5 11. Be2 O-O 12. O-O Na5 13. Nd2 Bg6 14. Qa4 b6
15. Rfc1 Nec6 16. cxd5 exd5 17. c4 dxc4 18. Nxc4 b5 19. Nxa5 bxa4 20. Nxc6 Qd7
21. Bg4 Qf7 22. d5 f5 23. Bf3 Rfe8 24. Ne5 Qf6 25. Nxg6 hxg6 26. d6 cxd6 27.
Bxa8 Rxa8 28. Rab1 g5 29. Bh2 Kh7 30. Rc6 f4 31. exf4 gxf4 32. Rc4 g5 33. h4 f3
34. hxg5 Qxg5 35. Bg3 fxg2 36. Rh4+ Kg6 37. Kxg2 Qd5+ 38. Kg1 Re8 39. Rg4+ Kf5
40. Rf4+ Kg5 41. Rh4 Re4 42. Rh8 Rg4 43. Kh2 Rd4 44. Rg1 Rg4 45. Bh4+ Kf4 46.
Rf8+ Ke5 47. Rxg4 Ke6 48. Bg3 Kd7 49. Rff4 Qe6 50. Rxa4 d5 51. Rh4 Qg6 52. Ra5
Ke7 53. Rxd5 Qc2 54. Ra5 Qd3 55. Rh6 Qd4 56. Raxa6 Qd5 57. Ra7+ Kf8 58. Rh8+
Qg8 59. Bd6+ Ke8 60. Rxg8# 1-0

[Event "M.Chigorin Memorial 2014"]
[Site "St. Petersburg"]
[Date "2014.10.21"]
[Round "4.181"]
[White "Zhemchuzhina, Elizaveta"]
[Black "Biyachuev, Minkail"]
[Result "1-0"]
[WhiteElo "1810"]
[BlackElo "1527"]
[PlyCount "65"]
[EventDate "2014.10.18"]

1. d4 d5 2. c4 e5 3. dxe5 d4 4. Nf3 Nc6 5. g3 Bb4+ 6. Bd2 Qe7 7. a3 Bxd2+ 8.
Nbxd2 Nxe5 9. Nxe5 Qxe5 10. Nf3 Qe4 11. Qxd4 Nf6 12. Bg2 Bg4 13. Qxe4+ Nxe4 14.
Ne5 Bf5 15. g4 Nxf2 16. Kxf2 Bc8 17. Rad1 O-O 18. Rhf1 f6 19. Bd5+ Rf7 20. Nxf7
Kf8 21. c5 Bxg4 22. Bxb7 Rb8 23. Rd8+ Rxd8 24. Nxd8 Ke7 25. Nc6+ Kf7 26. Rd1 g5
27. Nxa7 h5 28. Rd8 f5 29. Bd5+ Kf6 30. Nc6 f4 31. Rf8+ Kg7 32. Rf7+ Kh6 33.
Be4 1-0